| 000 | 00786nam a22001695i 4500 | ||
|---|---|---|---|
| 001 | 167650 | ||
| 003 | ES-MaACL | ||
| 005 | 20230906213552.0 | ||
| 008 | 050929s1881 sp | |||||||| ||spa d | ||
| 040 |
_aCAM _bspa _cCAM |
||
| 100 | 1 |
_aViñas y Grangés, Manuel. _9133814 |
|
| 245 | 1 | 0 | _aDiscuso pronunciado por el ... señor doctor Manuel Viñas y Grangés, presidente de la Junta de Letrados de la Sociedad Económica Gerundense de Amigos del Pais, en la sesion de apertura celebrada por la misma el dia 7 de febrero de 1881. |
| 260 |
_aGerona : _b[s.n.], _c1881 ( _fImprenta de Pablo Puigblanquer) |
||
| 300 |
_a11 p. ; _c21 cm. |
||
| 710 | 2 |
_aSociedad Económica Gerundense de Amigos del País. _9144822 |
|
| 852 |
_aES-MaACL _jT-427-F-18 _z-- Enc. hol. _z-- Enc. en un vol. facticio |
||
| 999 |
_c167650 _d167650 |
||